00241nam a2200097Ia 4500008004100000100001300041245003300054260003400087300000800121650001400129190216s9999||||xx |||||||||||||| ||und|| aPatel Rd 0aPetroleum And Petrochemicals bThomson Press India Ltdc1971 a62p aChemistry